| 000 | 00650nam a2200241Ia 4500 | ||
|---|---|---|---|
| 003 | IT-RoPAU | ||
| 005 | 20220918175616.0 | ||
| 008 | 120407s9999 xx 000 0 und d | ||
| 040 | _aIT-RoPAU | ||
| 040 | _cIT-RoPAU | ||
| 041 | _aita | ||
| 100 |
_aPietro Pirri _935090 |
||
| 100 |
_cs.j. _9337 |
||
| 245 | _aPio IX e Vittorio Emmanuele II, dal loro carteggio privato. I. La laicizzazione dello Stato Sardo (1848-1856). La questione Romana (2 v.) | ||
| 250 | _aRoma | ||
| 260 | _aSaler e Gregoriana | ||
| 260 | _c1944 | ||
| 300 | _c24 cm | ||
| 490 | _aMisc. Hist. Pont. 8, 16, 17 | ||
| 490 | _v1 | ||
| 942 |
_cBK _2ddc |
||
| 999 |
_c21290 _d21290 |
||